Fr. Conceicao Rodrigues College of Engineering

LAMP Programming (Record no. 24559)

MARC details
000 -LEADER
fixed length control field 00357nam a2200169Ia 4500
082 ## - DEWEY DECIMAL CLASSIFICATION NUMBER
Classification number 5.133
Item number SHA
100 ## - MAIN ENTRY--PERSONAL NAME
Personal name Shah/Sharanam/ Shah/Vaishali
245 ## - TITLE STATEMENT
Title LAMP Programming
260 ## - PUBLICATION, DISTRIBUTION, ETC.
Name of publisher, distributor, etc. Shroff Publ.
Date of publication, distribution, etc. 2009
366 ## - TRADE AVAILABILITY INFORMATION
Publishers's discount category 20
300 ## - PHYSICAL DESCRIPTION
Extent 1201
546 ## - LANGUAGE NOTE
Language note ENGLISH
-- Computers
650 ## - SUBJECT ADDED ENTRY--TOPICAL TERM
Topical term or geographic name entry element Programming
654 ## - SUBJECT ADDED ENTRY--FACETED TOPICAL TERMS
Focus term LAMP
942 ## - ADDED ENTRY ELEMENTS (KOHA)
Koha item type BOOK
Holdings
Withdrawn status Lost status Damaged status Not for loan Collection Home library Current library Date acquired Source of acquisition Cost, normal purchase price Inventory number Total Checkouts Full call number Barcode Date last seen Cost, replacement price Price effective from Koha item type
        CRC Fr. Agnel's C.Rodrigues College of Engineering Fr. Agnel's C.Rodrigues College of Engineering 17/03/2023 Book Base 680.00 10807 dt 26/04/2011   5.133 SHA 21546 17/03/2023 850.00   BOOK